Gender issues and sexuality : essential primary sources
Introduction to Beyond Femininity and Masculinity: Perspectives on Gender and Sexuality. Introduction to Women's Rights Movement,...
Đã lưu trong:
| 格式: | 圖書 |
|---|---|
| 語言: | Undetermined |
| 出版: |
Detroit
Thomson Gale
2006
|
| 主題: | |
| 標簽: |
添加標簽
沒有標簽, 成為第一個標記此記錄!
|
| Thư viện lưu trữ: | Trung tâm Học liệu Trường Đại học Cần Thơ |
|---|
| LEADER | 00852nam a2200217Ia 4500 | ||
|---|---|---|---|
| 001 | CTU_154004 | ||
| 008 | 210402s9999 xx 000 0 und d | ||
| 020 | |c 89.271 | ||
| 082 | |a 306.76 | ||
| 082 | |b G325 | ||
| 245 | 0 | |a Gender issues and sexuality : | |
| 245 | 0 | |b essential primary sources | |
| 245 | 0 | |c K. Lee Lerner, Brenda Wilmoth Lerner, and Adrienne Wilmoth Lerner, editors. | |
| 260 | |a Detroit | ||
| 260 | |b Thomson Gale | ||
| 260 | |c 2006 | ||
| 520 | |a Introduction to Beyond Femininity and Masculinity: Perspectives on Gender and Sexuality. Introduction to Women's Rights Movement,... | ||
| 650 | |a Sex,Sex role,Sexual orientation,Gender identity,Sự giao phối | ||
| 650 | |x Social aspects,History,History,History,History,Khía cạnh xã hội | ||
| 904 | |i Năm | ||
| 980 | |a Trung tâm Học liệu Trường Đại học Cần Thơ | ||